Statystyki dla Piłkarze PSG

Kliknij tutaj aby rozwiązać quiz!

Ogólne statystyki

  • Ten quiz został rozwiązany 238 razy
    (71 od ostatniego zresetowania)
  • Średni wynik to 17 z 29

Statystyki odpowiedzi

PiłkarzNarodowośćPozycja% Poprawnych
Gianluigi DonnarummaWłochyBramkarz
98%
Ethan MbappéFrancjaPomocnik
93%
Kylian MbappéFrancjaNapastnik
93%
Keylor NavasKostarykaBramkarz
88%
Achraf HakimiMarokoObrońca
84%
Ousmane DembéléFrancjaNapastnik
77%
Kang-in LeeKorea PołudniowaPomocnik
75%
Manuel UgarteUrugwajPomocnik
72%
Milan SkriniarSłowacjaObrońca
72%
Gonçalo RamosPortugaliaNapastnik
70%
MarquinhosBrazyliaObrońca
68%
Nuno MendesPortugaliaObrońca
65%
VitinhaPortugaliaPomocnik
65%
Randal Kolo MuaniFrancjaNapastnik
63%
Sergio RicoHiszpaniaBramkarz
63%
Fabián RuizHiszpaniaPomocnik
61%
Marco AsensioHiszpaniaNapastnik
60%
Presnel KimpembeFrancjaObrońca
56%
Danilo PereiraPortugaliaPomocnik
51%
Lucas HernándezFrancjaObrońca
49%
Warren Zaïre-EmeryFrancjaPomocnik
49%
Bradley BarcolaFrancjaNapastnik
46%
Carlos SolerHiszpaniaPomocnik
44%
Arnau TenasHiszpaniaBramkarz
39%
Nordi MukieleFrancjaObrońca
32%
Layvin KurzawaFrancjaObrońca
28%
Lucas BeraldoBrazyliaObrońca
28%
Alexandre LetellierFrancjaBramkarz
12%
Senny MayuluFrancjaPomocnik
11%

Rozkład punktacji

Percentyl według liczby udzielonych odpowiedzi

Procent ludzi z każdym wynikiem

Twoja historia wyników

Nie rozwiązałeś tego quizu od ostatniego zresetowania